Managerial accounting / (Record no. 129680)

MARC details
000 -LEADER
fixed length control field 00966cam a2200277 a 4500
001 - CONTROL NUMBER
control field vtls003210493
003 - CONTROL NUMBER IDENTIFIER
control field MY-SjTCS
005 - DATE AND TIME OF LATEST TRANSACTION
control field 20200226114250.0
008 - FIXED-LENGTH DATA ELEMENTS--GENERAL INFORMATION
fixed length control field 110218s2011 nyua 001 0 eng
020 ## - INTERNATIONAL STANDARD BOOK NUMBER
International Standard Book Number 9780078110771 (hbk.)
020 ## - INTERNATIONAL STANDARD BOOK NUMBER
International Standard Book Number 0078110777 (hbk.)
020 ## - INTERNATIONAL STANDARD BOOK NUMBER
International Standard Book Number 9780071221214 (pbk. : int. ed.)
020 ## - INTERNATIONAL STANDARD BOOK NUMBER
International Standard Book Number 0071221212 (pbk. : int. ed.)
039 #9 - LEVEL OF BIBLIOGRAPHIC CONTROL AND CODING DETAIL [OBSOLETE]
Level of rules in bibliographic description 201305161130
Level of effort used to assign nonsubject heading access points VLOAD
Level of effort used to assign subject headings 201106290821
Level of effort used to assign classification pushpa
Level of effort used to assign subject headings 201102181706
Level of effort used to assign classification VLOAD
Level of effort used to assign subject headings 201102181658
Level of effort used to assign classification VLOAD
-- 201009171812
-- pushpa
082 04 - DEWEY DECIMAL CLASSIFICATION NUMBER
Classification number 658.1511
Item number WHI 2011
100 1# - MAIN ENTRY--PERSONAL NAME
Personal name Whitecotton, Stacey.
9 (RLIN) 46836
245 10 - TITLE STATEMENT
Title Managerial accounting /
Statement of responsibility, etc. Stacey Whitecotton, Robert Libby, Fred Phillips.
260 ## - PUBLICATION, DISTRIBUTION, ETC.
Place of publication, distribution, etc. New York :
Name of publisher, distributor, etc. McGraw-Hill / Irwin,
Date of publication, distribution, etc. c2011.
300 ## - PHYSICAL DESCRIPTION
Extent xxix, 554 p. :
Other physical details ill., (some col.) ;
Dimensions 29 cm.
500 ## - GENERAL NOTE
General note Includes indexes.
650 #0 - SUBJECT ADDED ENTRY--TOPICAL TERM
Topical term or geographic name entry element Managerial accounting.
700 1# - ADDED ENTRY--PERSONAL NAME
Personal name Libby, Robert.
9 (RLIN) 19384
700 1# - ADDED ENTRY--PERSONAL NAME
Personal name Phillips, Fred.
9 (RLIN) 19383
920 ## - Programme
Programme SHT : 147281
921 ## - Programme
Programme BDP : 164649
Holdings
Withdrawn status Lost status Source of classification or shelving scheme Damaged status Not for loan Home library Current library Date acquired Total Checkouts Barcode Date last seen Date last checked out Copy number Uniform Resource Identifier Koha item type Public note Cost, normal purchase price Cost, replacement price
Withdrawn   Dewey Decimal Classification     Taylor's Library-TU Taylor's Library-TU 15/06/2011 5 5000115753 05/12/2019 21/06/2017 1 Floor 4, Shelf 24 , Side 2, TierNo 3, BayNo 2 Main Collection TBSxx,18002,03,CL    
    Dewey Decimal Classification     Taylor's Library-TU Taylor's Library-TU 16/07/2010 10 5000098098 05/12/2019 26/10/2016 1 Floor 4, Shelf 24 , Side 2, TierNo 3, BayNo 2 Main Collection SHTEx,70002,03,GR 62.69 62.69